000 00344nam a2200121Ia 4500
008 231228s1998 xx 000 0 und d
041 _aeng
082 _a658.4
_bNOR
100 _aNORTHCRAFT (G.B.) / NEALE (M)
245 _aOrganizational Behaviour....
260 _aChicago
_bThe Dryden Press Chicago Chicago
_c1998
300 _aXXIX,791+MISC
999 _c1080389
_d1080389